Т. 1 : Введение. Механика. Некоторые измерительные приборы и способы измерения. Учение о газах, жидкостях и твердых телах; Курс физики

Bibliografske podrobnosti
Parent link:Курс физики: [учебное пособие]/ О. Д. Хвольсон. Т. 1 : Введение. Механика. Некоторые измерительные приборы и способы измерения. Учение о газах, жидкостях и твердых телах.— , 1923
Glavni avtor: Хвольсон О. Д. Орест Данилович
Drugi avtorji: Куфарев П. П. Павел Парфеньевич
Jezik:ruščina
francoščina
Izdano: 1923
Izdaja:5-е изд., перераб. и доп.
Teme:
Format: MixedMaterials Knjiga
KOHA link:https://koha.lib.tpu.ru/cgi-bin/koha/opac-detail.pl?biblionumber=350551

MARC

LEADER 00000nam2a2200000 4500
001 350551
005 20231102010319.0
035 |a (RuTPU)RU\TPU\retro\4692 
090 |a 350551 
100 |a 20190207d1923 m y0rusy50 ca 
101 0 |a rus  |a fre 
102 |a RU 
105 |a a j 001zy 
200 0 |a Т. 1 : Введение. Механика. Некоторые измерительные приборы и способы измерения. Учение о газах, жидкостях и твердых телах 
205 |a 5-е изд., перераб. и доп. 
210 |d 1923 
215 |a 677 с.  |c ил. 
316 |5 63413507: КР-5938  |a На форзаце дарственная надпись: "Сахе, другу моему. П. Куфарев" 
317 |5 63413507: КР-5938  |a Поступил в НТБ в 1987 г. в дар от вдовы ученого Е. К. Завадовской 
320 |a Библиогр.: с. 640-641 
320 |a Предм. указ.: с. 642-648 
320 |a Указатель авторов: с. 649-665 
461 1 |0 (RuTPU)RU\TPU\retro\5500  |t Курс физики  |o [учебное пособие]  |o в 5 т.  |f О. Д. Хвольсон  |v Т. 1 : Введение. Механика. Некоторые измерительные приборы и способы измерения. Учение о газах, жидкостях и твердых телах  |d 1923 
606 1 |a Физика  |2 stltpush  |3 (RuTPU)RU\TPU\subj\63709  |9 80688 
610 1 |a механика 
610 1 |a физические измерения 
610 1 |a физические приборы 
610 1 |a измерительные приборы 
610 1 |a газодинамика 
610 1 |a гидрология 
610 1 |a твердые тела 
610 1 |a движение 
610 1 |a сила 
610 1 |a работа 
610 1 |a энергия 
610 1 |a колебательное движение 
610 1 |a лучистое распространение 
610 1 |a всемирное тяготение 
610 1 |a сила тяжести 
610 1 |a физические величины 
610 1 |a газы 
610 1 |a плотность 
610 1 |a барометры 
610 1 |a манометры 
610 1 |a насосы 
610 1 |a упругость 
610 1 |a фазовые превращения 
610 1 |a кинетическая теория 
610 1 |a распады 
610 1 |a жидкости 
610 1 |a строение 
610 1 |a смачивание 
610 1 |a поверхностное натяжение 
610 1 |a диффузия 
610 1 |a трение 
610 1 |a коллоиды 
610 1 |a деформации 
610 1 |a удар 
610 1 |a учебные пособия 
610 1 |a библиотека А. А. Воробьева 
610 1 |a дары 
610 1 |a дары библиотеке 
610 1 |a дарственная надпись 
675 |a 53(075.8)  |v 4 
700 1 |a Хвольсон  |b О. Д.  |c российский физик  |c член-корреспондент Петербургской АН  |f 1852-1934  |g Орест Данилович  |2 stltpush  |3 (RuTPU)RU\TPU\pers\9668  |9 1936 
702 1 |a Куфарев  |b П. П.  |c российский математик, физик  |c профессор Томского государственного университета  |f 1909-1968  |g Павел Парфеньевич  |2 stltpush  |3 (RuTPU)RU\TPU\pers\24183 
801 1 |a RU  |b 63413507  |c 20190207 
801 2 |a RU  |b 63413507  |c 20211209  |g RCR 
942 |c BK